000 00672nam a2200253Ia 4500
005 20250425161822.0
008 250425s9999 xx 000 0 und d
020 _a0130224448
041 _aeng
082 _a332.632
100 _aHULL, JOHN C.
245 0 _aOPTIONS, FUTURES& OTHER DERIVATIVES
250 _a4TH ED.
260 _aEstados Unidos
_bPRENTICE HALL
_c2000
260 _aS.L.
300 _a698
500 _aIncluye referencias bibliograficas. Incluye diskette CP-01228.Y el DP-11021 es donado por Ivonne Adum
650 _aMERCADO
650 _aPRECIOS
650 _aSEGURIDAD
710 _aPRENTICE-HALL
942 _c01
010 _a30950
999 _c216733
_d216733